Aerodinámica del automóvil de competición

Salvato in:
Dettagli Bibliografici
Autore principale: McBeath, Simon (autor)
Natura: Libro
Lingua:spagnolo
Pubblicazione: Barcelona Ceac 2000
Soggetti:
Tags: Aggiungi Tag
Nessun Tag, puoi essere il primo ad aggiungerne!!

MARC

LEADER 00000nam a2200000 a 4500
001 UCJ1726
003 CL-VaPUC
008 061110e20000000SP |||||||||||||||||spa|d
020 |a 843291147X 
082 0 4 |a 533.62  |b MCB  |2 21 
100 |a McBeath, Simon  |e autor  |9 502441 
245 1 0 |a Aerodinámica del automóvil de competición 
300 |a 247 p 
942 |c BK 
945 |d 20061110 00:00:00  |a jtorresc 
260 |a Barcelona  |b Ceac  |c 2000 
650 0 |a Mecánica de fluidos   |9 259464 
650 0 |a Aerodinámica  |9 301987 
650 0 |a Historia  |9 255047 
583 |a last modification  |c 20061110 00:00:00  |k Rodrigo Vera 
999 |c 318218  |d 318216 
952 |0 0  |1 0  |4 0  |6 533_620000000000000_MCB_2000  |7 0  |8 A  |9 395680  |a BIBMEC  |b BIBMEC  |d 2019-11-22  |i 4294084  |o 533.62 MCB 2000  |p 4294084  |r 2024-01-19  |w 2019-11-22  |y BK  |k MEC